Dimitri Payet - But en Équipe de France - Statistiques

Statistiques générales
  • Ce quiz a été pris 47 fois
  • Le résultat moyen est 4 sur 8
Statistiques - réponses
Date et compétition Équipe Adverse % Correct
10 Juin 2016 - Euro 2016 Roumanie
83%
15 Juin 2016 - Euro 2016 Albanie
74%
3 Juillet 2016 - Euro 2016 Islande
74%
30 Mai 2016 - Match Amical Cameroun
48%
29 Mars 2016 - Match Amical Russie
45%
11 Novembre 2016 - Éliminatoire Mondial 2018 Suède
43%
7 Juin 2015 - Match Amical Belgique
33%
7 Octobre 2016 - Éliminatoire Mondial 2018 Bulgarie
26%
Aucun quiz correspondant
Distribution des résultats
% des personnes avec chaque résultat
Percentile par nombre de réponses
Votre historique - résultats
Vous n’avez pas pris ce quiz